<?xml version="1.0" encoding="UTF-8"?>
<record
    xmlns:xsi="http://www.w3.org/2001/XMLSchema-instance"
    xsi:schemaLocation="http://www.loc.gov/MARC21/slim http://www.loc.gov/standards/marcxml/schema/MARC21slim.xsd"
    xmlns="http://www.loc.gov/MARC21/slim">

  <leader>01317nam a22001937a 4500</leader>
  <controlfield tag="005">20220615122402.0</controlfield>
  <controlfield tag="008">220614b           ||||| |||| 00| 0 eng d</controlfield>
  <datafield tag="020" ind1=" " ind2=" ">
    <subfield code="a">9781111532642</subfield>
  </datafield>
  <datafield tag="050" ind1=" " ind2=" ">
    <subfield code="a"> HD38.5.W57(3e)</subfield>
  </datafield>
  <datafield tag="245" ind1=" " ind2=" ">
    <subfield code="a">Supply chain management: a balanced approach /</subfield>
    <subfield code="c">Joel D. Wisner</subfield>
  </datafield>
  <datafield tag="250" ind1=" " ind2=" ">
    <subfield code="a">3rd ed.</subfield>
  </datafield>
  <datafield tag="260" ind1=" " ind2=" ">
    <subfield code="a">Mason :</subfield>
    <subfield code="b">South-Western, Cengage Learning,</subfield>
    <subfield code="c">2012.</subfield>
  </datafield>
  <datafield tag="300" ind1=" " ind2=" ">
    <subfield code="a">xviii, 574 p. : </subfield>
    <subfield code="b">ill.;</subfield>
    <subfield code="c">26 cm.</subfield>
  </datafield>
  <datafield tag="500" ind1=" " ind2=" ">
    <subfield code="a">Includes index.</subfield>
  </datafield>
  <datafield tag="505" ind1=" " ind2=" ">
    <subfield code="a">Contents: Part 1: Supply chain management: an overview : Introduction to supply chain management -- Part 2: Purchasing issues in supply chain management: Purchasing management -- Supplier relationship management -- Strategic sourcing for successful supply chain management -- part 3: Operations issues in supply chain management: Collaborative planning, forecasting and replenishment -- Enterprise resource planning systems -- Inventory management -- Process management: just-in-time and total quality management -- Distribution issues in supply chain management: Logistics management -- Customer relationship management -- Location decisions -- Service response logistics -- Part 5: Sustaining competitive advantage: Process integration -- Performance management.</subfield>
  </datafield>
  <datafield tag="700" ind1=" " ind2=" ">
    <subfield code="a">Tan, Keah-Choon.</subfield>
  </datafield>
  <datafield tag="700" ind1=" " ind2=" ">
    <subfield code="a">Leong, G. Keong.</subfield>
  </datafield>
  <datafield tag="942" ind1=" " ind2=" ">
    <subfield code="2">lcc</subfield>
    <subfield code="c">BK</subfield>
  </datafield>
  <datafield tag="999" ind1=" " ind2=" ">
    <subfield code="c">9016</subfield>
    <subfield code="d">16516</subfield>
  </datafield>
  <datafield tag="952" ind1=" " ind2=" ">
    <subfield code="0">0</subfield>
    <subfield code="1">0</subfield>
    <subfield code="2">lcc</subfield>
    <subfield code="4">0</subfield>
    <subfield code="7">0</subfield>
    <subfield code="a">WIUC-1</subfield>
    <subfield code="b">WIUC-1</subfield>
    <subfield code="c">REF</subfield>
    <subfield code="d">2022-06-14</subfield>
    <subfield code="o">HD38.5.W57(3e)</subfield>
    <subfield code="p">9242/691/22</subfield>
    <subfield code="r">2022-06-14 00:00:00</subfield>
    <subfield code="t">1</subfield>
    <subfield code="w">2022-06-14</subfield>
    <subfield code="y">BK</subfield>
  </datafield>
  <datafield tag="952" ind1=" " ind2=" ">
    <subfield code="0">0</subfield>
    <subfield code="1">0</subfield>
    <subfield code="2">lcc</subfield>
    <subfield code="4">0</subfield>
    <subfield code="7">0</subfield>
    <subfield code="a">WIUC-1</subfield>
    <subfield code="b">WIUC-1</subfield>
    <subfield code="c">REF</subfield>
    <subfield code="d">2022-06-14</subfield>
    <subfield code="o">HD38.5.W571(3e)</subfield>
    <subfield code="p">9243/692/22</subfield>
    <subfield code="r">2022-06-14 00:00:00</subfield>
    <subfield code="t">2</subfield>
    <subfield code="w">2022-06-14</subfield>
    <subfield code="y">BK</subfield>
  </datafield>
  <datafield tag="952" ind1=" " ind2=" ">
    <subfield code="0">0</subfield>
    <subfield code="1">0</subfield>
    <subfield code="2">lcc</subfield>
    <subfield code="4">0</subfield>
    <subfield code="7">0</subfield>
    <subfield code="a">WIUC-1</subfield>
    <subfield code="b">WIUC-1</subfield>
    <subfield code="c">REF</subfield>
    <subfield code="d">2022-06-14</subfield>
    <subfield code="l">0</subfield>
    <subfield code="o">HD38.5.W572(3e)</subfield>
    <subfield code="p">9244/693/22</subfield>
    <subfield code="r">2022-06-14 00:00:00</subfield>
    <subfield code="t">3</subfield>
    <subfield code="w">2022-06-14</subfield>
    <subfield code="y">BK</subfield>
  </datafield>
  <datafield tag="952" ind1=" " ind2=" ">
    <subfield code="0">0</subfield>
    <subfield code="1">0</subfield>
    <subfield code="2">lcc</subfield>
    <subfield code="4">0</subfield>
    <subfield code="7">0</subfield>
    <subfield code="a">WIUC-1</subfield>
    <subfield code="b">WIUC-1</subfield>
    <subfield code="c">REF</subfield>
    <subfield code="d">2022-06-14</subfield>
    <subfield code="l">0</subfield>
    <subfield code="o">HD38.5.W573(3e)</subfield>
    <subfield code="p">9245/694/22</subfield>
    <subfield code="r">2022-06-14 00:00:00</subfield>
    <subfield code="t">4</subfield>
    <subfield code="w">2022-06-14</subfield>
    <subfield code="y">BK</subfield>
  </datafield>
</record>
